<?xml version="1.0" encoding="UTF-8"?><collection xmlns="info:lc/xmlns/marcxchange-v2"><record format="Unimarc" type="bibliographic"><leader>00915cam  2200265   450 </leader><controlfield tag="001">1731991</controlfield><controlfield tag="003">http://id.bnportugal.gov.pt/bib/porbase/1731991</controlfield><controlfield tag="005">20030625165800.0</controlfield><datafield ind1=" " ind2=" " tag="010"><subfield code="a">0-387-96131-3</subfield><subfield code="b">Encadernado</subfield><subfield code="d">14040$00</subfield></datafield><datafield ind1=" " ind2=" " tag="035"><subfield code="9">05583</subfield></datafield><datafield ind1=" " ind2=" " tag="095"><subfield code="a">PTBN01032146</subfield></datafield><datafield ind1=" " ind2=" " tag="100"><subfield code="a">19961125d1985    k  y0pory0103    ba</subfield></datafield><datafield ind1="0" ind2=" " tag="101"><subfield code="a">eng</subfield></datafield><datafield ind1=" " ind2=" " tag="102"><subfield code="a">US</subfield></datafield><datafield ind1="1" ind2=" " tag="200"><subfield code="a">Computational geometry</subfield><subfield code="e">an introduction</subfield></datafield><datafield ind1=" " ind2=" " tag="210"><subfield code="a">New York</subfield><subfield code="c">Springer-Verlag</subfield><subfield code="d">1985</subfield></datafield><datafield ind1=" " ind2=" " tag="215"><subfield code="a">XIV, 398 p.</subfield></datafield><datafield ind1="2" ind2=" " tag="225"><subfield code="a">Texts and monographs in computer science</subfield></datafield><datafield ind1=" " ind2=" " tag="675"><subfield code="a">514.7:681.3</subfield><subfield code="v">med</subfield><subfield code="z">por</subfield><subfield code="3">1399320</subfield></datafield><datafield ind1=" " ind2="1" tag="700"><subfield code="a">Preparata</subfield><subfield code="b">Franco P.</subfield><subfield code="3">159090</subfield></datafield><datafield ind1=" " ind2="1" tag="701"><subfield code="a">Shamos</subfield><subfield code="b">Michael Ian</subfield><subfield code="4">070</subfield><subfield code="3">159091</subfield></datafield><datafield ind1=" " ind2="0" tag="801"><subfield code="a">PT</subfield><subfield code="b">BN</subfield><subfield code="g">RPC</subfield></datafield><datafield ind1=" " ind2=" " tag="977"><subfield code="1">006-05-16</subfield><subfield code="2">coop</subfield><subfield code="4">ESGLE</subfield><subfield code="6">mq3036068</subfield><subfield code="7">bc</subfield><subfield code="8">coop</subfield><subfield code="9">ESGLE</subfield><subfield code="k">0</subfield></datafield><datafield ind1=" " ind2=" " tag="977"><subfield code="1">519.6 PRE*Com</subfield><subfield code="2">coop</subfield><subfield code="4">UASD</subfield><subfield code="6">mq3300781</subfield><subfield code="7">bc</subfield><subfield code="8">coop</subfield><subfield code="9">UASD</subfield><subfield code="k">0</subfield></datafield><datafield ind1=" " ind2=" " tag="977"><subfield code="1">VERNEY M68/519.1 PRE c</subfield><subfield code="2">coop</subfield><subfield code="4">UEBIB</subfield><subfield code="6">mq2887312</subfield><subfield code="7">bc</subfield><subfield code="8">coop</subfield><subfield code="9">UEBIB</subfield><subfield code="k">0</subfield></datafield><datafield ind1=" " ind2=" " tag="977"><subfield code="1">U10-1 56935 MT</subfield><subfield code="2">coop</subfield><subfield code="4">UTADBG</subfield><subfield code="6">mq3114782</subfield><subfield code="7">bc</subfield><subfield code="8">coop</subfield><subfield code="9">UTADBG</subfield><subfield code="k">0</subfield></datafield><datafield ind1=" " ind2=" " tag="998"><subfield code="a">ASD25-1796</subfield></datafield></record></collection>